| 000 -LEADER |
| fixed length control field |
01914cam a22004337a 4500 |
| 001 - CONTROL NUMBER |
| control field |
19147525 |
| 005 - DATE AND TIME OF LATEST TRANSACTION |
| control field |
20221105214954.0 |
| 008 - FIXED-LENGTH DATA ELEMENTS--GENERAL INFORMATION |
| fixed length control field |
160622s2017 enka bf 001 0 eng |
| 010 ## - LIBRARY OF CONGRESS CONTROL NUMBER |
| LC control number |
2016945507 |
| 020 ## - INTERNATIONAL STANDARD BOOK NUMBER |
| International Standard Book Number |
9780198703952 (pbk.) 1 |
| 020 ## - INTERNATIONAL STANDARD BOOK NUMBER |
| International Standard Book Number |
0198703953 (pbk.) 1 |
| 020 ## - INTERNATIONAL STANDARD BOOK NUMBER |
| International Standard Book Number |
9780191773129 (ebook) 1 |
| 040 ## - CATALOGING SOURCE |
| Original cataloging agency |
DLC |
| Language of cataloging |
eng |
| Description conventions |
rda |
| Transcribing agency |
DLC |
| 041 ## - LANGUAGE CODE |
| Language code of text/sound track or separate title |
eng |
| 050 00 - LIBRARY OF CONGRESS CALL NUMBER |
| Classification number |
RJ251 |
| Item number |
.O94 2017 |
| 080 ## - UNIVERSAL DECIMAL CLASSIFICATION NUMBER |
| Universal Decimal Classification number |
616-053 G-80 |
| 082 00 - DEWEY DECIMAL CLASSIFICATION NUMBER |
| Classification number |
618.92/01 |
| Edition number |
23 |
| 100 1# - MAIN ENTRY--PERSONAL NAME |
| Personal name |
Fox, Grenville, |
| Relator term |
author. |
| 9 (RLIN) |
8867 |
| 245 00 - TITLE STATEMENT |
| Title |
Oxford handbook of neonatology / |
| Statement of responsibility, etc. |
Dr. Grenville Fox, Consultant Neonatologist, Evelina London Children's Hospital, Guy's & St Thomas NHS Foundation Trust, London, UK, Dr. Nicholas Hoque, Consultant Neonatologist, Queen Charlotte and St Mary's Hospitals, Imperial College Healthcare NHS Trust, UK, and Dr. Timothy Watts, Consultant Neonatologist, Evelina London Children's Hospital, Guy's & St Thomas NHS Foundation Trust, London, UK. |
| 246 30 - VARYING FORM OF TITLE |
| Title proper/short title |
Handbook of neonatology |
| 250 ## - EDITION STATEMENT |
| Edition statement |
Second edition. |
| 260 ## - PUBLICATION, DISTRIBUTION, ETC. |
| Place of publication, distribution, etc. |
Oxford, United Kingdom ; |
| Name of publisher, distributor, etc. |
Oxford University Press, |
| Date of publication, distribution, etc. |
2017. |
| 300 ## - PHYSICAL DESCRIPTION |
| Extent |
553 pages : |
| Other physical details |
illustrations ; |
| Dimensions |
19 cm. |
| 336 ## - CONTENT TYPE |
| Content type term |
text |
| Content type code |
txt |
| Source |
rdacontent |
| 337 ## - MEDIA TYPE |
| Media type term |
unmediated |
| Media type code |
n |
| Source |
rdamedia |
| 338 ## - CARRIER TYPE |
| Carrier type term |
volume |
| Carrier type code |
nc |
| Source |
rdacarrier |
| 490 0# - SERIES STATEMENT |
| Series statement |
Oxford medical publications |
| 490 0# - SERIES STATEMENT |
| Series statement |
Oxford handbooks |
| 650 #0 - SUBJECT ADDED ENTRY--TOPICAL TERM |
| Topical term or geographic name entry element |
Neonatology |
| Form subdivision |
Handbooks, manuals, etc. |
| 9 (RLIN) |
8833 |
| 653 ## - INDEX TERM--UNCONTROLLED |
| keyword |
ახალშობილთა დაავადებები |
| 653 ## - INDEX TERM--UNCONTROLLED |
| keyword |
მედიცინა |
| 653 ## - INDEX TERM--UNCONTROLLED |
| keyword |
პედიატრია |
| 700 1# - ADDED ENTRY--PERSONAL NAME |
| Personal name |
Hoque, Nicholas, |
| Relator term |
ავტორი |
| 9 (RLIN) |
8868 |
| 700 1# - ADDED ENTRY--PERSONAL NAME |
| Personal name |
Watts, Timothy, |
| Relator term |
ავტორი |
| 9 (RLIN) |
8869 |
| 906 ## - LOCAL DATA ELEMENT F, LDF (RLIN) |
| a |
7 |
| b |
cbc |
| c |
origcop |
| d |
2 |
| e |
ncip |
| f |
20 |
| g |
y-gencatlg |
| 942 ## - ADDED ENTRY ELEMENTS (KOHA) |
| Source of classification or shelving scheme |
|
| Koha item type |
წიგნი |